000
00288nam a22001217a 4500
008
180111b xxu||||| |||| 00| 0 eng d
041
_a
eng
080
_a
821
100
_a
21
101
_a
GJL
245
_a
History, Psychology, & Science: Selected Papers
_c
Watson, R.I
942
_2
udc
_c
BK
999
_c
40083
_d
40083